| 000 | 00473nam a2200157 a 4500 | ||
|---|---|---|---|
| 001 | 5082 | ||
| 003 | CDMR | ||
| 005 | 20130514192435.0 | ||
| 008 | 130130s1998||||||||||||||||||||||||||||d | ||
| 040 |
_aCDMR _bcat _cCDMR |
||
| 245 | 3 |
_aLa radio y la televisión de servicio público _bel desafío del siglo XXI |
|
| 260 |
_aParis _c1998 _bUNESCO |
||
| 490 | 0 |
_aEstudios y documentos de comunicación social _v111 |
|
| 650 | 0 | 4 |
_9405 _aMitjans de comunicació de massa |
| 942 |
_cMON _2udc |
||
| 999 |
_c5082 _d5082 |
||